ARRUPE JESUIT UNIVERSITY

CORONAVIRUS -STOP THE SPREAD - CLEAN,DISINFECT,COVER

The penguin book of American short stories (Record no. 130134)

MARC details
000 -LEADER
fixed length control field 00384nam a22001217a 4500
008 - FIXED-LENGTH DATA ELEMENTS--GENERAL INFORMATION
fixed length control field 200121b ||||| |||| 00| 0 eng d
050 ## - LIBRARY OF CONGRESS CALL NUMBER
Classification number PZ1.C663
245 ## - TITLE STATEMENT
Title The penguin book of American short stories
Statement of responsibility, etc Edited by James Cochrane
260 ## - PUBLICATION, DISTRIBUTION, ETC. (IMPRINT)
Place of publication, distribution, etc Victoria, Australia
Name of publisher, distributor, etc Penguin Books
Date of publication, distribution, etc 1969
300 ## - PHYSICAL DESCRIPTION
Extent 422p. ;
Dimensions 19cm.
700 ## - ADDED ENTRY--PERSONAL NAME
Personal name Cochrane, James ed.
9 (RLIN) 10810
942 ## - ADDED ENTRY ELEMENTS (KOHA)
Source of classification or shelving scheme Library of Congress Classification
Item type Monograph ( Printed materials)
Holdings
Withdrawn status Lost status Source of classification or shelving scheme Damaged status Not for loan Collection code Home library Current library Shelving location Date acquired Total Checkouts Full call number Barcode Date last seen Price effective from Koha item type
    Library of Congress Classification     Main Collection ARRUPE LIBRARY ARRUPE LIBRARY Main Collection 21/01/2020   PZ1.C663 46600006141 21/01/2020 21/01/2020 Monograph ( Printed materials)

 

Arrupe Library. PO Box MP320 Mt Pleasant, Harare, Zimbabwe
263 242 745411|librarian@aju.ac.zw